| 000 | 00656nam a2200193Ia 4500 | ||
|---|---|---|---|
| 003 | GCL | ||
| 008 | 140319s9999 xx 000 0 ara d | ||
| 040 |
_aGCL / _cGCL |
||
| 082 | 0 | 4 |
_aق _b932 _bم و |
| 100 | 1 | _aجاب الله على جاب الله | |
| 245 | 1 | 0 |
_aوادى الملوك : _bدليل اللافتات / _cجاب الله على جاب الله |
| 260 |
_aالقاهرة : _bالمجلس الاعلى للاثار ، _c0 |
||
| 300 |
_a ؛ _c16 سم |
||
| 650 | 0 | 4 | _aالاثار الفرعونية |
| 650 | 0 | 4 | _aوادى الملوك |
| 650 | 0 | 4 | _aمصر القديمة - تاريخ |
| 650 | 0 | 4 | _aمصر - ادلة |
| 942 |
_2ddc _cBK |
||
| 999 |
_c58466 _d58466 |
||